000 00357 a2200145 4500
001 151701
040 _cEscola São Tomás de Aquino
100 _aNÓBREGA, Maria José
240 1 0 _aEnrosca ou desenrosca?
_lpor
245 1 0 _aEnrosca ou desenrosca?
362 0 _a2005
440 1 _aModerna
697 _aFolclore / Adivinhações / Lendas
942 _cBK
999 _c151701
_d151701